000 00466cam a22001217a 4500
008 180718b1972 xxu||||| |||| 00| 0 eng d
082 _aA81x54 In2/71/16/PT10TB/KO
100 _aCensus of India 1971
245 _aOrissa district census handbook, Koraput: town and villagewise primary census abstract
260 _aCuttack
_bThe Director of Printing, Stationery and Publications
_c1972
300 _a717+p.
440 _aCensus of India 1971. Series-16, Orissa. Part X-B
999 _c485407
_d485407